[Event "TOP 16 2010"]
[Site "Guingamp"]
[Date "2010.06.03"]
[Round "8.1"]
[White "Eljanov, Pavel"]
[Black "Tregubov, Pavel V"]
[Result "1-0"]
[WhiteElo "2751"]
[BlackElo "2622"]
[PlyCount "121"]

1. d4 f5 2. g3 Nf6 3. Bg2 d6 4. Nf3 g6 5. b4 Bg7 6. Bb2 O-O 7. c4 Qe8 8. O-O
Nc6 9. b5 Nd8 10. Nbd2 c6 11. a4 Nf7 12. e3 Kh8 13. Ba3 Rg8 14. c5 d5 15. Rb1
Ne4 16. Qc2 Bd7 17. bxc6 Bxc6 18. a5 a6 19. Rb6 g5 20. Ne1 e5 21. Ndf3 f4 22.
Nxe5 Nxe5 23. dxe5 fxe3 24. fxe3 Qxe5 25. Nd3 Qe6 26. Bb2 Rgf8 27. Nb4 Rxf1+
28. Bxf1 Rf8 29. Nxc6 bxc6 30. Rb7 Be5 31. Bxe5+ Qxe5 32. Qd3 Qf6 33. Qd4 Qxd4
34. exd4 Rf2 35. Bxa6 Ra2 36. Bd3 Nd2 37. Kf2 Nc4+ 38. Kf3 Nxa5 39. Rxh7+ Kg8
40. Ra7 Ra3 41. Kg4 Rxd3 42. Rxa5 Rxd4+ 43. Kxg5 Rc4 44. Kg6 Rg4+ 45. Kf5 Rc4
46. Kg6 Rg4+ 47. Kf6 Rc4 48. h4 Kh7 49. Ke5 d4 50. Ke4 Kg6 51. Kd3 Rb4 52. Ra6
Kf5 53. Rxc6 Ke5 54. Rg6 Rb3+ 55. Kc4 Rc3+ 56. Kb4 Rc1 57. h5 Rb1+ 58. Kc4 Rc1+
59. Kb5 Rb1+ 60. Kc6 Ra1 61. Kb6 1-0

[Event "TOP 16 2010"]
[Site "Guingamp"]
[Date "2010.06.03"]
[Round "8.2"]
[White "Pelletier, Yannick"]
[Black "Gashimov, Vugar"]
[Result "1/2-1/2"]
[WhiteElo "2596"]
[BlackElo "2734"]
[PlyCount "55"]
[EventDate "2010.??.??"]
[WhiteTeam "Clichy"]
[BlackTeam "Evry Grand Roque"]

1. Nf3 c5 2. c4 Nf6 3. Nc3 e6 4. g3 b6 5. Bg2 Bb7 6. O-O Be7 7. d4 cxd4 8. Qxd4
d6 9. Bg5 a6 10. Bxf6 Bxf6 11. Qf4 O-O 12. Rfd1 Be7 13. Ne4 Bxe4 14. Qxe4 Ra7
15. Nd4 Rc7 16. b3 Rc5 17. a4 Bf6 18. e3 Re8 19. Ra2 Qc7 20. Rad2 d5 21. cxd5
Rxd5 22. b4 Rdd8 23. Nc6 Rxd2 24. Rxd2 Qxc6 25. Qxc6 Nxc6 26. Bxc6 Rd8 27.
Rxd8+ Bxd8 28. Bb7 1/2-1/2

[Event "TOP 16 2010"]
[Site "Guingamp"]
[Date "2010.06.03"]
[Round "8.3"]
[White "Vachier-Lagrave, Maxime"]
[Black "Hamdouchi, Hicham"]
[Result "1-0"]
[WhiteElo "2710"]
[BlackElo "2609"]
[PlyCount "139"]
[EventDate "2010.??.??"]
[WhiteTeam "Evry Grand Roque"]
[BlackTeam "Clichy"]

1. e4 d5 2. exd5 Qxd5 3. Nc3 Qa5 4. d4 Nf6 5. Nf3 c6 6. Bc4 Bf5 7. Bd2 e6 8.
Nd5 Qd8 9. Nxf6+ gxf6 10. Qe2 Qd6 11. O-O-O Nd7 12. Nh4 Bg6 13. f4 f5 14. g4
Be7 15. gxf5 Bxh4 16. fxe6 O-O-O 17. Qg4 fxe6 18. f5 Bxf5 19. Qxh4 Nb6 20. Bf4
Qb4 21. Bb3 Rxd4 22. Bxe6+ Bxe6 23. Qf6 Rxf4 24. Qxe6+ Nd7 25. Qxd7+ Kb8 26.
Rhe1 a5 27. a3 Qb6 28. Qd6+ Qc7 29. Qxc7+ Kxc7 30. Re7+ Kb6 31. Rdd7 Rf1+ 32.
Kd2 Rf2+ 33. Kc3 Rb8 34. Rxh7 Ka6 35. b3 b5 36. h4 Kb6 37. h5 Rh2 38. b4 Rh3+
39. Kb2 Rh4 40. Kb3 Rh3+ 41. Rd3 Rh1 42. Rh6 Rc8 43. Rg3 Rc7 44. Rg5 Rh3+ 45.
Kb2 Rh4 46. bxa5+ Kxa5 47. Rg8 Kb6 48. Rgg6 Rh3 49. Rh8 Ra7 50. h6 Rc7 51. Rb8+
Ka7 52. Rf8 Kb6 53. Rb8+ Ka7 54. Rf8 Kb6 55. Rff6 Rh1 56. Kc3 Rh3+ 57. Kd4 Rxa3
58. Rg7 Rh3 59. Rxc7 Kxc7 60. Ke5 Kb6 61. Kf5 b4 62. Kg6 Kb5 63. h7 c5 64. Rf5
Rxh7 65. Kxh7 Kc4 66. Kg6 Kd4 67. Rf3 c4 68. Kf5 c3 69. Rd3+ Kc4 70. Ke4 1-0

[Event "TOP 16 2010"]
[Site "Guingamp"]
[Date "2010.06.03"]
[Round "8.4"]
[White "Fressinet, Laurent"]
[Black "Kogan, Artur"]
[Result "1/2-1/2"]
[WhiteElo "2689"]
[BlackElo "2525"]
[PlyCount "55"]
[EventDate "2010.??.??"]
[WhiteTeam "Clichy"]
[BlackTeam "Evry Grand Roque"]

1. d4 Nf6 2. Nf3 e6 3. c4 b6 4. g3 Bb4+ 5. Bd2 c5 6. Bxb4 cxb4 7. Bg2 Bb7 8.
O-O O-O 9. Qd3 a5 10. Nbd2 d6 11. Rfd1 Qe7 12. Ne1 Na6 13. Nc2 Bxg2 14. Kxg2 a4
15. e4 Qb7 16. f3 Rab8 17. a3 b3 18. Ne3 b5 19. cxb5 Nc7 20. Rac1 Nxb5 21. Rc4
Qa7 22. Rdc1 e5 23. d5 g6 24. Rc6 Rfd8 25. Ndc4 Ne8 26. Nd2 Nf6 27. Ndc4 Ne8
28. Nd2 1/2-1/2

[Event "TOP 16 2010"]
[Site "Guingamp"]
[Date "2010.06.03"]
[Round "8.5"]
[White "Feller, Sebastien"]
[Black "Skripchenko, Almira"]
[Result "1-0"]
[WhiteElo "2593"]
[BlackElo "2464"]
[PlyCount "73"]
[EventDate "2010.??.??"]
[WhiteTeam "Evry Grand Roque"]
[BlackTeam "Clichy"]

1. c4 c5 2. Nf3 Nc6 3. d4 cxd4 4. Nxd4 g6 5. e4 Bg7 6. Be3 Nf6 7. Nc3 O-O 8.
Be2 Nxd4 9. Bxd4 d6 10. O-O Be6 11. b3 Qa5 12. f4 Rfc8 13. Kh1 Rab8 14. f5 Bd7
15. fxg6 hxg6 16. Nd5 Nxd5 17. exd5 Be5 18. Qd3 b5 19. Bxe5 dxe5 20. Qf3 Be8
21. Qg3 bxc4 22. Bxc4 f6 23. d6+ Kg7 24. Qh3 f5 25. Qh4 Rb7 26. Rad1 Rd8 27.
Rd5 Qb4 28. Rd3 Bf7 29. a3 Qxa3 30. Bxf7 Kxf7 31. Qh7+ Kf6 32. Rg3 Ke6 33.
Qxg6+ Kd7 34. Qxf5+ Kxd6 35. Rd1+ Kc7 36. Qxe5+ Kc8 37. Rc3+ 1-0

[Event "TOP 16 2010"]
[Site "Guingamp"]
[Date "2010.06.03"]
[Round "8.6"]
[White "Maze, Sebastien"]
[Black "Chabanon, Jean-Luc"]
[Result "1-0"]
[WhiteElo "2564"]
[BlackElo "2460"]
[PlyCount "83"]
[EventDate "2010.??.??"]
[WhiteTeam "Clichy"]
[BlackTeam "Evry Grand Roque"]

1. d4 Nf6 2. c4 g6 3. Nc3 d5 4. cxd5 Nxd5 5. e4 Nxc3 6. bxc3 Bg7 7. Be3 c5 8.
Bc4 O-O 9. Ne2 Nc6 10. Qd2 Qa5 11. Rd1 cxd4 12. cxd4 Qxd2+ 13. Rxd2 Na5 14. Bd3
Bd7 15. Rb2 b6 16. Bd2 Nc6 17. Bc3 Rac8 18. Kd2 f5 19. e5 e6 20. Rc1 Ne7 21.
Ba6 Rcd8 22. Bb4 Nd5 23. Bxf8 Bxf8 24. Rc4 b5 25. Rxb5 Bxb5 26. Bxb5 Bb4+ 27.
Kd1 Ba5 28. Rc6 Kf7 29. Bc4 Bb6 30. Bxd5 Rxd5 31. Rc4 g5 32. a4 Rd8 33. Kc2 h5
34. Kd3 Ke7 35. f4 g4 36. Nc1 h4 37. Nb3 h3 38. g3 Rb8 39. Rb4 Rc8 40. a5 Bd8
41. Rb7+ Rc7 42. a6 1-0

[Event "TOP 16 2010"]
[Site "Guingamp"]
[Date "2010.06.03"]
[Round "8.7"]
[White "Relange, Eloi"]
[Black "Delorme, Axel"]
[Result "1/2-1/2"]
[WhiteElo "2459"]
[BlackElo "2441"]
[PlyCount "53"]
[EventDate "2010.??.??"]
[WhiteTeam "Evry Grand Roque"]
[BlackTeam "Clichy"]

1. c4 e6 2. Nf3 Nf6 3. Nc3 d5 4. d4 dxc4 5. e4 Bb4 6. Bg5 c5 7. Bxc4 cxd4 8.
Nxd4 Qa5 9. Bxf6 Bxc3+ 10. bxc3 Qxc3+ 11. Kf1 gxf6 12. Rc1 Qa5 13. h4 Ke7 14.
Rh3 Nc6 15. Nxc6+ bxc6 16. Rd3 Rb8 17. Kg1 Rd8 18. Rxd8 Qxd8 19. Qh5 Qd4 20.
Bb3 Rb4 21. Rxc6 Bd7 22. Rc7 Qa1+ 23. Kh2 Qe5+ 24. Qxe5 fxe5 25. Rxa7 Rxe4 26.
Kg3 f5 27. f3 1/2-1/2

[Event "TOP 16 2010"]
[Site "Guingamp"]
[Date "2010.06.03"]
[Round "8.8"]
[White "Lagarde, Maxime"]
[Black "Milliet, Sophie"]
[Result "1-0"]
[WhiteElo "2387"]
[BlackElo "2378"]
[PlyCount "87"]
[EventDate "2010.??.??"]
[WhiteTeam "Clichy"]
[BlackTeam "Evry Grand Roque"]

1. e4 d6 2. d4 Nf6 3. Nc3 e5 4. Nf3 Nbd7 5. h3 c6 6. a4 Be7 7. g4 O-O 8. Bg2 b6
9. O-O a6 10. Qe2 Bb7 11. Rd1 Qc7 12. b3 Rfc8 13. Bb2 Nf8 14. Qe3 Ng6 15. Rd2
h6 16. Rad1 Re8 17. Ne2 Bf8 18. Ng3 exd4 19. Nxd4 Nd5 20. Qd3 Ndf4 21. Qc3 Nxg2
22. Kxg2 Nh4+ 23. Kf1 c5 24. Ndf5 Nxf5 25. Nxf5 Re5 26. Nxd6 Bxd6 27. Rxd6 Rg5
28. f3 Rg6 29. Qe5 Rf8 30. Rxg6 Qxe5 31. Bxe5 fxg6 32. Ke2 Re8 33. Bb2 Kf7 34.
Rd7+ Re7 35. Rxe7+ Kxe7 36. Bxg7 h5 37. gxh5 gxh5 38. h4 Bc8 39. Ke3 Be6 40.
Bc3 c4 41. bxc4 Bxc4 42. Bd4 b5 43. Bc5+ Kd7 44. a5 1-0

[Event "TOP 16 2010"]
[Site "Guingamp"]
[Date "2010.06.03"]
[Round "8.1"]
[White "Bacrot, Etienne"]
[Black "Riff, Jean-Noel"]
[Result "1-0"]
[WhiteElo "2710"]
[BlackElo "2499"]
[PlyCount "57"]
[EventDate "3.??.??"]
[WhiteTeam "Marseille Echecs"]
[BlackTeam "Mulhouse Philidor"]

1. e4 c5 2. Nf3 d6 3. d4 Nf6 4. Nc3 cxd4 5. Nxd4 e6 6. g4 h6 7. h4 Nc6 8. Rg1
h5 9. gxh5 Nxh5 10. Bg5 Nf6 11. Qd2 a6 12. O-O-O Bd7 13. Kb1 Qb6 14. Nb3 Qc7
15. Qe3 Rc8 16. f4 Nh7 17. Bd3 Nxg5 18. hxg5 g6 19. f5 Ne5 20. Rh1 Rxh1 21.
Rxh1 Bc6 22. Rh8 Nxd3 23. Qxd3 exf5 24. exf5 gxf5 25. Nd4 Be4 26. Nxe4 fxe4 27.
Qh3 Qc4 28. g6 Ke7 29. Rh7 1-0

[Event "TOP 16 2010"]
[Site "Guingamp"]
[Date "2010.06.03"]
[Round "8.2"]
[White "Wirig, Anthony"]
[Black "Bartel, Mateusz"]
[Result "0-1"]
[WhiteElo "2491"]
[BlackElo "2609"]
[PlyCount "88"]
[EventDate "3.??.??"]
[WhiteTeam "Mulhouse Philidor"]
[BlackTeam "Marseille Echecs"]

1. e4 c6 2. d4 d5 3. e5 Bf5 4. Nf3 e6 5. Be2 Nd7 6. O-O Bg6 7. b3 Nh6 8. c4 Nf5
9. Re1 Bb4 10. Bd2 Be7 11. Bc3 O-O 12. Nbd2 Rc8 13. c5 f6 14. exf6 Bxf6 15. b4
Qc7 16. Rc1 a6 17. Nb3 Rce8 18. Qd2 h6 19. Ra1 Nh4 20. Nxh4 Bxh4 21. g3 Bg5 22.
Qd1 Rxf2 23. Kxf2 Rf8+ 24. Bf3 Be4 25. Nd2 Bxd2 26. Qxd2 Rxf3+ 27. Ke2 Nf8 28.
Rg1 Rd3 29. Qxd3 Bxd3+ 30. Kxd3 Qf7 31. Rgf1 Qg6+ 32. Kd2 Nh7 33. Rae1 Ng5 34.
Re3 Ne4+ 35. Kc1 Qh5 36. h4 Qg4 37. Rf4 Qh3 38. Rfxe4 dxe4 39. a4 Qf1+ 40. Kc2
Qf5 41. a5 Kf7 42. Be1 Kf6 43. Kc3 e5 44. dxe5+ Kxe5 0-1

[Event "TOP 16 2010"]
[Site "Guingamp"]
[Date "2010.06.03"]
[Round "8.3"]
[White "Degraeve, Jean-Marc"]
[Black "Georgiev, Vladimir"]
[Result "0-1"]
[WhiteElo "2561"]
[BlackElo "2566"]
[PlyCount "82"]
[EventDate "3.??.??"]
[WhiteTeam "Marseille Echecs"]
[BlackTeam "Mulhouse Philidor"]

1. e4 e5 2. Nf3 Nc6 3. Bc4 Bc5 4. c3 Nf6 5. d3 O-O 6. Nbd2 d5 7. exd5 Nxd5 8.
O-O Nb6 9. Bb5 Bd6 10. Re1 Bg4 11. Qc2 Re8 12. Bxc6 bxc6 13. c4 Nd7 14. b3 c5
15. Bb2 f6 16. h3 Bh5 17. Nh4 Nf8 18. Ne4 Ne6 19. Ng3 Bf7 20. Nhf5 Bf8 21. Rad1
g6 22. Ne3 Nd4 23. Qd2 f5 24. Nc2 a5 25. Ba3 Nc6 26. Bb2 Qh4 27. Bc1 a4 28.
bxa4 Rxa4 29. a3 Ra6 30. Ne2 Nd4 31. Nexd4 cxd4 32. Nb4 Raa8 33. Qe2 Bd6 34. f3
c5 35. Nd5 Bxd5 36. cxd5 e4 37. fxe4 fxe4 38. dxe4 Qg3 39. Rd3 Qh2+ 40. Kf1
Rf8+ 41. Rf3 Bg3 0-1

[Event "TOP 16 2010"]
[Site "Guingamp"]
[Date "2010.06.03"]
[Round "8.4"]
[White "Abergel, Thal"]
[Black "Miton, Kamil"]
[Result "1/2-1/2"]
[WhiteElo "2524"]
[BlackElo "2608"]
[PlyCount "59"]
[EventDate "3.??.??"]
[WhiteTeam "Mulhouse Philidor"]
[BlackTeam "Marseille Echecs"]

1. e4 c5 2. Nf3 Nc6 3. Bb5 e6 4. Bxc6 bxc6 5. d3 Ne7 6. Qe2 Qc7 7. h4 e5 8.
Nbd2 h5 9. b3 Ng6 10. Bb2 f6 11. g3 Be7 12. O-O-O a5 13. a4 d5 14. Nf1 c4 15.
dxc4 dxc4 16. Qxc4 Ba6 17. Qc3 Be2 18. Rd2 Bb4 19. Qe3 Bxd2+ 20. N3xd2 Ba6 21.
Qf3 Nf8 22. Ne3 Ne6 23. g4 Nf4 24. Ndc4 hxg4 25. Qxg4 Bc8 26. Qd1 Be6 27. Bc3
c5 28. f3 O-O 29. Qe1 Qf7 30. Nxa5 1/2-1/2

[Event "TOP 16 2010"]
[Site "Guingamp"]
[Date "2010.06.03"]
[Round "8.5"]
[White "Delchev, Aleksander"]
[Black "Sokolov, Andrei"]
[Result "1/2-1/2"]
[WhiteElo "2625"]
[BlackElo "2585"]
[PlyCount "52"]
[EventDate "3.??.??"]
[WhiteTeam "Marseille Echecs"]
[BlackTeam "Mulhouse Philidor"]

1. d4 Nf6 2. c4 e6 3. Nf3 Bb4+ 4. Nbd2 b6 5. a3 Bxd2+ 6. Qxd2 Bb7 7. e3 O-O 8.
Be2 a5 9. b3 d6 10. O-O Nbd7 11. Bb2 Qe7 12. Rfd1 Ne4 13. Qc2 f5 14. b4 Ndf6
15. Nd2 Ng4 16. Bxg4 Qh4 17. g3 Qxg4 18. f3 Qg5 19. Nxe4 fxe4 20. f4 Qf5 21. d5
exd5 22. cxd5 Rf7 23. Qc4 axb4 24. axb4 Rxa1 25. Bxa1 h5 26. Rd2 Re7 1/2-1/2

[Event "TOP 16 2010"]
[Site "Guingamp"]
[Date "2010.06.03"]
[Round "8.6"]
[White "Bricard, Emmanuel"]
[Black "Gozzoli, Yannick"]
[Result "1/2-1/2"]
[WhiteElo "2485"]
[BlackElo "2524"]
[PlyCount "60"]
[EventDate "3.??.??"]
[WhiteTeam "Mulhouse Philidor"]
[BlackTeam "Marseille Echecs"]

1. e4 e5 2. Nc3 Nf6 3. g3 d5 4. exd5 Nxd5 5. Bg2 Nxc3 6. bxc3 Bd6 7. Nf3 O-O 8.
O-O Bg4 9. h3 Bh5 10. g4 Bg6 11. d3 Nd7 12. Ng5 Nc5 13. Be3 h6 14. Bxc5 Bxc5
15. Ne4 Bb6 16. Ng3 Qh4 17. Qf3 Rad8 18. Kh2 c6 19. Nf5 Bxf5 20. gxf5 e4 21.
Qxe4 Qf6 22. d4 Rfe8 23. Qd3 c5 24. Rae1 Rxe1 25. Rxe1 cxd4 26. c4 Bc7+ 27. Kg1
b6 28. Kf1 Bd6 29. Bd5 Bc5 30. Qf3 Kf8 1/2-1/2

[Event "TOP 16 2010"]
[Site "Guingamp"]
[Date "2010.06.03"]
[Round "8.7"]
[White "Marzolo, Cyril"]
[Black "Netzer, Jacques"]
[Result "0-1"]
[WhiteElo "2452"]
[BlackElo "2230"]
[PlyCount "48"]
[EventDate "3.??.??"]
[WhiteTeam "Marseille Echecs"]
[BlackTeam "Mulhouse Philidor"]

1. d4 Nf6 2. c4 g6 3. Nc3 Bg7 4. Nf3 O-O 5. Bf4 c5 6. d5 d6 7. h3 Bf5 8. g4 Be4
9. Bg2 Bxf3 10. Bxf3 Na6 11. Qd2 Nc7 12. h4 Qd7 13. Rg1 b5 14. e4 bxc4 15. Bh6
Bxh6 16. Qxh6 Nb5 17. g5 Nd4 18. Bd1 Nxe4 19. Nxe4 Qf5 20. Ng3 Qf4 21. h5 Rab8
22. Rh1 Rxb2 23. Rh2 Nf5 24. Nxf5 gxf5 0-1

[Event "TOP 16 2010"]
[Site "Guingamp"]
[Date "2010.06.03"]
[Round "8.8"]
[White "Richard, Emma"]
[Black "Delorme, Laurie"]
[Result "0-1"]
[WhiteElo "2095"]
[BlackElo "2232"]
[PlyCount "117"]
[EventDate "3.??.??"]
[WhiteTeam "Mulhouse Philidor"]
[BlackTeam "Marseille Echecs"]

1. e4 e5 2. Nf3 Nc6 3. Bb5 a6 4. Ba4 Nf6 5. O-O Be7 6. Re1 b5 7. Bb3 O-O 8. h3
d6 9. c3 Bb7 10. d4 Re8 11. d5 Na5 12. Bc2 c6 13. dxc6 Nxc6 14. Nbd2 Nb8 15.
Nf1 Nbd7 16. Ng3 g6 17. a4 Nc5 18. b4 Nxa4 19. Bxa4 bxa4 20. Qxa4 Qc7 21. Bg5
Nd7 22. Qb3 Rac8 23. Rec1 Bxg5 24. Nxg5 Nf6 25. c4 h6 26. Nf3 h5 27. Qe3 Nh7
28. Ng5 Nf8 29. Ra3 f6 30. Nf3 Ne6 31. Ne2 Qf7 32. Nd2 Rc7 33. Nb3 Ng5 34. Nd2
Rec8 35. h4 Ne6 36. Rd3 Qf8 37. Qb6 Rc6 38. Qe3 Kh7 39. Qh3 Qe7 40. g4 Ng7 41.
Rg3 hxg4 42. Qxg4 Qf7 43. Kh2 f5 44. Qh3 f4 45. Rgc3 Rh8 46. Nf3 Kg8 47. Ng5
Qe7 48. c5 d5 49. exd5 Bc8 50. Qg2 Rxh4+ 51. Nh3 Rf6 52. Neg1 e4 53. f3 e3 54.
Qa2 Qe5 55. Qa5 Qxd5 56. c6 Qd2+ 57. Kh1 Bxh3 58. Nxh3 Rxh3+ 59. Kg1 0-1

[Event "TOP 16 2010"]
[Site "Guingamp"]
[Date "2010.06.03"]
[Round "8.1"]
[White "Bauer, Christian"]
[Black "Giri, Anish"]
[Result "1/2-1/2"]
[WhiteElo "2607"]
[BlackElo "2642"]
[PlyCount "54"]
[EventDate "3.??.??"]
[WhiteTeam "Vandoeuvre"]
[BlackTeam "Chalons en Champagne"]

1. e4 e5 2. Nf3 Nf6 3. d4 Nxe4 4. dxe5 d5 5. Nbd2 Nc5 6. Nb3 Ne6 7. h4 c5 8. c4
dxc4 9. Qxd8+ Nxd8 10. Nbd2 Nbc6 11. Nxc4 Ne6 12. Bd2 Ned4 13. Nxd4 Nxd4 14.
Rc1 Be6 15. Bd3 O-O-O 16. Nd6+ Bxd6 17. exd6 Rxd6 18. Rxc5+ Nc6 19. Be2 Bxa2
20. Rh3 Rhd8 21. Bf4 Rd4 22. Be5 Re4 23. Bxg7 Rg8 24. Bc3 Rxg2 25. Kf1 Rg8 26.
Bd3 Re6 27. Rg3 Rxg3 1/2-1/2

[Event "TOP 16 2010"]
[Site "Guingamp"]
[Date "2010.06.03"]
[Round "8.2"]
[White "Van Wely, Loek"]
[Black "Genzling, Alain"]
[Result "1-0"]
[WhiteElo "2653"]
[BlackElo "2405"]
[PlyCount "67"]
[EventDate "3.??.??"]
[WhiteTeam "Chalons en Champagne"]
[BlackTeam "Vandoeuvre"]

1. d4 Nf6 2. c4 e6 3. Nf3 Bb4+ 4. Nbd2 b6 5. a3 Bxd2+ 6. Qxd2 Bb7 7. e3 d6 8.
Be2 Nbd7 9. O-O O-O 10. b4 Ne4 11. Qc2 f5 12. Bb2 Rf6 13. d5 e5 14. Nh4 g6 15.
f3 Ng5 16. f4 Nf7 17. Nf3 Qe7 18. Rae1 Re8 19. Nd2 Nh6 20. Qc3 Qg7 21. Bd1 Re7
22. Ba4 b5 23. Bxb5 Nb6 24. Qb3 Nf7 25. Nf3 g5 26. a4 Rg6 27. a5 Nd7 28. fxe5
dxe5 29. c5 Nf8 30. Rd1 Kh8 31. Qc3 Rf6 32. Bc4 g4 33. Nh4 Qg5 34. g3 1-0

[Event "TOP 16 2010"]
[Site "Guingamp"]
[Date "2010.06.03"]
[Round "8.3"]
[White "Brunner, Nicolas"]
[Black "Edouard, Romain"]
[Result "0-1"]
[WhiteElo "2443"]
[BlackElo "2611"]
[PlyCount "74"]
[EventDate "3.??.??"]
[WhiteTeam "Vandoeuvre"]
[BlackTeam "Chalons en Champagne"]

1. d4 e6 2. c4 Bb4+ 3. Bd2 a5 4. e4 d5 5. cxd5 exd5 6. e5 Ne7 7. Nc3 c5 8. Bb5+
Nbc6 9. a3 Bxc3 10. Bxc3 Qb6 11. a4 O-O 12. Ne2 Bg4 13. f3 Be6 14. dxc5 Qxc5
15. Bd4 Nxd4 16. Qxd4 Rac8 17. Kf2 Qxd4+ 18. Nxd4 Nf5 19. Nxf5 Rc2+ 20. Kg3
Bxf5 21. Rhd1 Be6 22. b4 axb4 23. Rab1 f6 24. Bd3 Rc3 25. exf6 b3 26. fxg7 Kxg7
27. Rb2 Rg8 28. Bb5 Kf6+ 29. Kf4 Rd8 30. Rd4 Bf5 31. h4 Bc2 32. g4 Ke6 33. Be2
Kd6 34. Kg5 Kc5 35. Rd2 d4 36. Bd1 d3 37. f4 Kd4 0-1

[Event "TOP 16 2010"]
[Site "Guingamp"]
[Date "2010.06.03"]
[Round "8.4"]
[White "Smirin, Ilia"]
[Black "Nezar, Mustapha"]
[Result "1-0"]
[WhiteElo "2634"]
[BlackElo "2400"]
[PlyCount "53"]
[EventDate "3.??.??"]
[WhiteTeam "Chalons en Champagne"]
[BlackTeam "Vandoeuvre"]

1. e4 e5 2. Nf3 Nf6 3. Nxe5 d6 4. Nf3 Nxe4 5. d4 d5 6. Bd3 Nd6 7. O-O Be7 8.
Ne5 Nd7 9. Nxd7 Bxd7 10. Qh5 Be6 11. Re1 Qd7 12. Nc3 c6 13. Bf4 Bf6 14. Be5
Bxe5 15. dxe5 Nf5 16. Ne2 g6 17. Qf3 Ng7 18. Nd4 O-O 19. Qf4 c5 20. Nf3 Bf5 21.
Qh6 f6 22. exf6 Rxf6 23. Ng5 Ne8 24. Bb5 Qg7 25. Rxe8+ Rxe8 26. Qxg7+ Kxg7 27.
Bxe8 1-0

[Event "TOP 16 2010"]
[Site "Guingamp"]
[Date "2010.06.03"]
[Round "8.5"]
[White "Philippe, Christophe"]
[Black "Sebag, Marie"]
[Result "1-0"]
[WhiteElo "2424"]
[BlackElo "2524"]
[PlyCount "75"]
[EventDate "3.??.??"]
[WhiteTeam "Vandoeuvre"]
[BlackTeam "Chalons en Champagne"]

1. e4 c5 2. b3 b6 3. Bb2 Bb7 4. Nc3 e6 5. f4 a6 6. Nf3 Nc6 7. g3 d6 8. Bg2 Nf6
9. O-O Qc7 10. d3 Be7 11. Qd2 O-O 12. Rae1 d5 13. e5 Nd7 14. h4 b5 15. Kh2 Nb6
16. h5 b4 17. Nd1 h6 18. Ne3 d4 19. Ng4 Qd7 20. Bc1 a5 21. Nh4 Nd5 22. Qf2 Bxh4
23. gxh4 Nce7 24. Rg1 Kh8 25. Be4 Nf5 26. Bxf5 exf5 27. e6 Qc7 28. Ne5 Nf6 29.
e7 Rg8 30. Nxf7+ Kh7 31. Kh3 Nxh5 32. Re5 Rae8 33. Qe2 g6 34. Re6 Rg7 35. Rgxg6
Rxg6 36. Qxh5 Reg8 37. Rxg6 Rxg6 38. e8=Q 1-0

[Event "TOP 16 2010"]
[Site "Guingamp"]
[Date "2010.06.03"]
[Round "8.6"]
[White "Apicella, Manuel"]
[Black "Paci, Cedric"]
[Result "1-0"]
[WhiteElo "2522"]
[BlackElo "2352"]
[PlyCount "89"]
[EventDate "3.??.??"]
[WhiteTeam "Chalons en Champagne"]
[BlackTeam "Vandoeuvre"]

1. e4 c5 2. Nf3 Nc6 3. d4 cxd4 4. Nxd4 g6 5. Nc3 Bg7 6. Nb3 Nf6 7. Be2 O-O 8.
O-O a5 9. a4 Nb4 10. Re1 d5 11. exd5 Nfxd5 12. Nxd5 Nxd5 13. c3 e5 14. Nc5 Nc7
15. Qxd8 Rxd8 16. Bg5 Re8 17. Ne4 Re6 18. Rad1 h6 19. Be3 Rc6 20. Rd8+ Kh7 21.
Nd6 Ne6 22. Rxc8 Raxc8 23. Nxc8 Rxc8 24. Bb6 e4 25. Bb5 Nc5 26. Rd1 Nd3 27.
Bxd3 exd3 28. Rxd3 Rc4 29. Rd5 Rxa4 30. Rxa5 Re4 31. Kf1 g5 32. Rd5 Re6 33. Bd8
Ra6 34. g4 Ra1+ 35. Kg2 Rb1 36. Rd2 Be5 37. Be7 Bf4 38. Re2 Kg6 39. Ba3 Kf6 40.
Re4 b6 41. h4 Kg7 42. h5 f5 43. gxf5 Kf6 44. Re6+ Kxf5 45. Rxh6 1-0

[Event "TOP 16 2010"]
[Site "Guingamp"]
[Date "2010.06.03"]
[Round "8.7"]
[White "Iglesias, Joachim"]
[Black "Cossin, Sebastien"]
[Result "0-1"]
[WhiteElo "2258"]
[BlackElo "2494"]
[PlyCount "65"]
[EventDate "3.??.??"]
[WhiteTeam "Vandoeuvre"]
[BlackTeam "Chalons en Champagne"]

1. d4 Nf6 2. c4 e6 3. Nc3 Bb4 4. a3 Bxc3+ 5. bxc3 c5 6. e3 Nc6 7. Bd3 O-O 8.
Ne2 b6 9. e4 Ne8 10. e5 Ba6 11. Qc2 h6 12. O-O Rc8 13. f4 cxd4 14. cxd4 d5 15.
Bh7+ Kh8 16. f5 Kxh7 17. fxe6+ Kg8 18. exf7+ Rxf7 19. Rxf7 Kxf7 20. Bxh6 Kg8
21. Qg6 dxc4 22. Rf1 Nxd4 23. Nf4 Qh4 24. Nh5 Ne2+ 25. Kh1 Ng3+ 26. Nxg3 Qxh6
27. Qf7+ Kh7 28. Nf5 Qg6 29. Qxa7 Rd8 30. Qxa6 Qxf5 31. Qxc4 Rd4 32. Qxd4 Qxf1+
33. Qg1 0-1

[Event "TOP 16 2010"]
[Site "Guingamp"]
[Date "2010.06.03"]
[Round "8.8"]
[White "Dourerassou, Jonathan"]
[Black "Congiu, Mathilde"]
[Result "1-0"]
[WhiteElo "2435"]
[BlackElo "2175"]
[PlyCount "141"]
[EventDate "3.??.??"]
[WhiteTeam "Chalons en Champagne"]
[BlackTeam "Vandoeuvre"]

1. e4 d5 2. exd5 Qxd5 3. Nc3 Qa5 4. d4 Nf6 5. Nf3 c6 6. Bc4 Bf5 7. Bd2 e6 8.
Nd5 Qd8 9. Nxf6+ gxf6 10. c3 Nd7 11. Qe2 Be7 12. Nh4 Bg6 13. g3 f5 14. Ng2 Nb6
15. Bb3 a5 16. a4 Nd5 17. h4 h5 18. O-O Qd7 19. Rfe1 Kf8 20. Rad1 Bd6 21. Bg5
Kg7 22. c4 Nf6 23. Bf4 Ne4 24. Bc2 Bb4 25. Rf1 Bd6 26. Qf3 f6 27. Rfe1 Rae8 28.
Qb3 Bb4 29. Re2 Qf7 30. f3 e5 31. dxe5 fxe5 32. fxe4 exf4 33. Nxf4 fxe4 34. Rf1
Bf5 35. Ng2 Qg6 36. Kh2 Qg4 37. Qe3 Re5 38. Nf4 Rd8 39. Rd1 Rde8 40. Rf1 Bc5
41. Qc3 Bb4 42. Qd4 Bc5 43. Qd1 Bc8 44. Qe1 Bb4 45. Qf2 Bc5 46. Qg2 e3 47. Ng6
R5e6 48. Bf5 Qxc4 49. Nf4 Rh6 50. Qh3 Bxf5 51. Qxf5 Rf8 52. Qg5+ Kh7 53. b3
Qxe2+ 54. Nxe2 Rxf1 55. Nf4 Rf2+ 56. Kh3 e2 57. Qf5+ Kg8 58. Qg5+ Kh7 59. Qe5
Bd6 60. Qe4+ Kg8 61. Qe8+ Bf8 62. Nxe2 Rf7 63. Nf4 Kg7 64. Qe5+ Kg8 65. Nxh5
Bd6 66. Qxa5 Rg6 67. Qd8+ Kh7 68. Qe8 Rf8 69. Qe4 Kh6 70. g4 Rf2 71. g5+ 1-0

[Event "TOP 16 2010"]
[Site "Guingamp"]
[Date "2010.06.03"]
[Round "8.1"]
[White "Adla, Diego"]
[Black "Postny, Evgeny"]
[Result "0-1"]
[WhiteElo "2518"]
[BlackElo "2611"]
[PlyCount "118"]
[EventDate "3.??.??"]
[WhiteTeam "Noyon"]
[BlackTeam "Metz Fischer"]

1. d4 d5 2. Nf3 c6 3. c4 Nf6 4. e3 a6 5. Qc2 Bg4 6. Nbd2 e6 7. Bd3 Nbd7 8. c5
g6 9. b4 Bg7 10. O-O O-O 11. Bb2 Qc7 12. Qb3 Nh5 13. a4 Bxf3 14. Nxf3 e5 15. e4
dxe4 16. Bxe4 exd4 17. a5 Rae8 18. Rae1 Ndf6 19. Bd3 Nf4 20. Bxd4 Nxd3 21. Qxd3
Nd5 22. Bxg7 Kxg7 23. Qd4+ f6 24. g3 Qd7 25. Nd2 Rxe1 26. Rxe1 Re8 27. Re4 Rxe4
28. Qxe4 Qe7 29. Qxe7+ Nxe7 30. Kf1 Kf7 31. Ke2 Nd5 32. Kd3 Nxb4+ 33. Kc4 Nc2
34. Kd3 Na3 35. Ne4 Ke6 36. Kd4 Nb5+ 37. Kc4 Ke5 38. f3 Na3+ 39. Kb3 Nb5 40.
Kc4 g5 41. Nf2 h5 42. h3 Nc7 43. Nd3+ Ke6 44. g4 h4 45. f4 f5 46. fxg5 fxg4 47.
hxg4 Kf7 48. Ne5+ Kg7 49. Nf3 h3 50. Kd4 Ne6+ 51. Ke5 Nxc5 52. Kf4 Nb3 53. Kg3
c5 54. Kxh3 c4 55. Kh4 c3 56. Ne1 Nxa5 57. Kh5 Nc6 58. Nc2 b5 59. Ne3 Nd4 0-1

[Event "TOP 16 2010"]
[Site "Guingamp"]
[Date "2010.06.03"]
[Round "8.2"]
[White "Iordachescu, Viorel"]
[Black "Aguettaz, Maxime"]
[Result "1-0"]
[WhiteElo "2619"]
[BlackElo "2404"]
[PlyCount "65"]
[EventDate "3.??.??"]
[WhiteTeam "Metz Fischer"]
[BlackTeam "Noyon"]

1. e4 c5 2. Nc3 Nc6 3. Bb5 Nd4 4. Bc4 e6 5. Nge2 Nf6 6. O-O a6 7. a4 Nxe4 8.
Nxe4 d5 9. d3 Nxe2+ 10. Qxe2 dxc4 11. dxc4 Qc7 12. Ra3 Bd7 13. Rd1 Bc6 14. Rad3
Be7 15. Nd6+ Bxd6 16. Rxd6 O-O 17. b3 Rfd8 18. Bf4 Rxd6 19. Bxd6 Qa5 20. Qe5
Rd8 21. Rd3 Rd7 22. Bc7 b6 23. Rxd7 Bxd7 24. Qe3 Qb4 25. h3 f6 26. Kh2 Kf7 27.
Qd3 Be8 28. Qd8 Bxa4 29. bxa4 Qxc4 30. Qd7+ Kg6 31. Qe8+ Kh6 32. g4 Qd5 33. h4
1-0